Servidumbre humana
Uloženo v:
| Hlavní autor: | |
|---|---|
| Médium: | Kniha |
| Jazyk: | španělština |
| Vydáno: |
Santiago
Andrés Bello
1985
|
| Vydání: | 1a. ed |
| Témata: | |
| Tagy: |
Přidat tag
Žádné tagy, Buďte první, kdo vytvoří štítek k tomuto záznamu!
|
MARC
| LEADER | 00000cam a2200000 a 4500 | ||
|---|---|---|---|
| 001 | UCD5090 | ||
| 003 | CL-VaPUC | ||
| 008 | 160807e19850000cl |||||||||||||||||spa|d | ||
| 082 | 0 | 4 | |a 823 |b MAU |2 21 |
| 100 | |a Maugham, William Somerset |e autor |9 418576 | ||
| 245 | 1 | 0 | |a Servidumbre humana |
| 250 | |a 1a. ed | ||
| 300 | |a t | ||
| 942 | |c BK | ||
| 945 | |d 20160807 22:49:00 |a dcastane | ||
| 260 | |a Santiago |b Andrés Bello |c 1985 | ||
| 650 | 0 | |a Novelas inglesas |9 265220 | |
| 650 | 0 | |a Literatura inglesa |9 312907 | |
| 583 | |a last modification |c 20160807 22:49:00 |k Rodrigo Vera | ||
| 999 | |c 365857 |d 365855 | ||
| 952 | |0 0 |1 0 |3 erb |4 0 |6 823_000000000000000_MAU_1985 |7 0 |8 A |9 479825 |a BIBEDU |b BIBEDU |h t.2 |i 5336414 |o 823 MAU 1985 |p 5336414 |r 2019-11-24 |w 2019-11-24 |y BK |z Catalogado en:20160807 |k EPE | ||